El mayorazgo de Labraz
Wedi'i Gadw mewn:
| Prif Awdur: | |
|---|---|
| Fformat: | Llyfr |
| Iaith: | Sbaeneg |
| Cyhoeddwyd: |
Buenos Aires
Espasa-Calpe
1964
|
| Rhifyn: | 3a. ed |
| Cyfres: | Colección Austral, 377
|
| Pynciau: | |
| Tagiau: |
Ychwanegu Tag
Dim Tagiau, Byddwch y cyntaf i dagio'r cofnod hwn!
|
MARC
| LEADER | 00000nam a2200000 a 4500 | ||
|---|---|---|---|
| 001 | UCP1884 | ||
| 003 | CL-VaPUC | ||
| 008 | 990426e19640000AG |||||||||||||||||spa|d | ||
| 082 | 0 | 4 | |a 863 |b BAR |2 21 |
| 100 | 0 | |a Baroja, Pío |e author |9 322211 | |
| 245 | 1 | 3 | |a El mayorazgo de Labraz |
| 250 | |a 3a. ed | ||
| 300 | |a 170 p | ||
| 942 | |c BK | ||
| 945 | |d 19990426 00:00:00 |a lriquelm | ||
| 260 | |a Buenos Aires |b Espasa-Calpe |c 1964 | ||
| 650 | 0 | |a Novelas españolas |9 265052 | |
| 650 | 0 | |a Literatura española |9 306261 | |
| 583 | |a last modification |c 19990426 00:00:00 |k Rodrigo Vera | ||
| 490 | 0 | |a Colección Austral, 377 | |
| 999 | |c 280515 |d 280513 | ||
| 952 | |0 0 |1 0 |4 0 |6 863_000000000000000_BAR_1964 |7 0 |8 A |9 320850 |a BIBEDU |b BIBEDU |d 2019-11-20 |i 1338072 |o 863 BAR 1964 |p 1338072 |r 2019-11-20 |w 2019-11-20 |y BK |k LIT | ||